000 00339nam a2200157Ia 4500
008 221030s9999 xx 000 0 und d
020 _a0140022058
041 _aEnglish
082 _a105.23
_bWod
100 _aP. G. Wodehouse
245 0 _aUkridge
260 _bPenguin books.
_c1924
300 _a241
650 _aGeneral
942 _cBK
999 _c425
_d425